Quizzes
Events
Quiz Creation
Community
Videos
Private Events
Remove Ads
Sign In
Join for FREE
Feedback
Dark Mode
Quiz Categories
Sports
Geography
Music
Movies
Television
Just For Fun
Miscellaneous
History
Literature
Language
Science
Gaming
Entertainment
Religion
Holiday
For Kids
Quiz Lab
Recent
Popular Today
Quiz Kudos Today
Editor Picks
Curator Picks
Quizzes by...
Day
Popularity
Type
Ratings
Length
Year
Community
Subscriptions
Recent Discussions
Orange Saloon
Badges
Playlists
Quests
Create
Leaderboards
Showdown
Live 5
Trivia Bingo
Activity
Puzzle Library
Sporcle Events
Private Events
Virtual Trivia
Globe League
Become a Host
Pub Owners
SporcleCon
Opinionation
Our Games
Videos
Blog
Mobile Apps
Partnerships
Remove Ads and Go Orange
Feedback
Gaming
Video Games
Board Games
Card Games
Pokémon
Mario
Nintendo
Minecraft
Console
Toys
Legend of Zelda
Gaming
Video Games
Board Games
Card Games
Pokémon
Mario
Nintendo
Minecraft
Console
Toys
Legend of Zelda
Random Quiz
Search Sporcle
×
Quiz Lab
Quiz Lab
Gaming
Weapons
Type in answers that appear in a list
Type in answers that appear in a list
Classic
Best Score? Go Orange.
Black Ops Zombies, Upgraded Weapons Stats
Can you name the Non-upgraded weapon?
By
TiK_TaK
7m
32 Questions
2,086 Plays
2,086 Plays
2,086 Plays
Comments
Comments
Give Quiz Kudos
Give Quiz Kudos
-
- Ratings
hide this ad
Forced Order
Answers have to be entered in order
Answers have to be entered in order
Replay
Link that replays current quiz
Next Quiz
Link to next quiz in quiz playlist
You Got
0%
They Got
Avg Score
59%
Avg Friend Score
Upgrade to see
Score Distribution
Jump to the score distribution portion of the page
Score
0/32
Timer
07:00
0
Plays Today
Upgraded Weapon
Non-upgraded Weapon
% Correct
AK74fu2
AK74u
82.2%
Mustang & Sally
M1911
79.3%
Cobra
Python
79.3%
AUG-
50M3
AUG
77.5%
Porters's X2 Ray Gun
Ray Gun
77%
Zeus Cannon
Thundergun
75.1%
China Beach
China Lake
74%
MPL-
LF
MPL
73.5%
Spaz-
24
Spas-12
72.8%
Calamity
CZ75
64.1%
Predator
Commando
63.3%
MP115 Kollider
MP5K
62%
R115 Resonator
RPK
61.7%
G115 Generator
G11
61.6%
The Afterburner
MP40
60.5%
H115 Oscillator
HK21
59.3%
Upgraded Weapon
Non-upgraded Weapon
% Correct
Lamentation
Galil
58.7%
Winter's Fury
Winter's Howl
57.5%
EPC WN
FN FAL
57.3%
Skull Crusher
M16
55.8%
Hades
Olympia
53.4%
M72 Anarchy
M72 LAW
53.2%
The Krause Refibrillator
Ballistic Knife
52.1%
Awful Lawton
Crossbow Explosive Tip
50.8%
Calamity & Jane
Dual-wield CZ75
49.9%
Raid
Stakeout
48.3%
Mnesia
M14
45.4%
Typhoid & Mary
HS10
44.1%
Tokyo & Rose
PM63
43.5%
L115 Isolator
L96A1
37.9%
G16-
GL35
Famas
34.6%
D115 Disassembler
Dragunov
34.5%
Quiz Playlist
Details
Report
Send in Message
Add To Playlist
Classic:
Type in answers that appear in a list
Forced Order:
Answers have to be entered in order
Last Updated: Feb 16, 2017
Quiz Scoreboard
CHALLENGE
Sign Up to Join the Scoreboard
Show All
Scores
Hide
Comments
May contain spoilers
Recently Published
TV Characters by Other Roles V
by ghcgh
Television
5m
Decade Duel: World Leaders
by jenniferyan
History
4m
Alphabetical 'K' Countries by Flag Minefield
by ylime102
Geography
3m
More to Explore
Quiz From the Vault
Featured Blog Post
15 Basketball Trivia Facts You Can Be March Mad About
hide this ad
You Might Also Like...
Tags
black
Call of Duty
OPS
upgrade
Weapons
Zombies
Today's Top Quizzes in Gaming
Browse Gaming
hide this ad
Today's Top Quizzes in Weapons
Browse Weapons
Top Contributed Quizzes in Gaming
1
Pokémon Gen IV Logic Puzzle (HARD)
2
HARD Pokemon Logic Puzzle
3
Genshin Impact Logic Puzzle
4
Honkai: Star Rail Technique Names Quiz
5
Rainbow Six Siege Operators by Picture
6
Order Genshin Impact characters by release date!
7
The Slinky Quiz
8
Magic: the Gathering Set Symbols - LCI
9
Mega Man or Metal Gear
10
Honkai Star Rail Feet v1.6
Explore More
Trending Topics
Harry Potter
Anime
Disney
Marvel
Crossword
Kpop
NBA
Country
The Office
Puzzle
NFL
Pokémon
Song
Soccer
WWE
hide this ad
More By:
TiK_TaK
Quiz
Plays
Rating
Category
Featured
Created
Black Ops Zombies, Upgraded Weapons
2,086
3.40
Gaming
Dec 16, 2010
Black Ops Everything (Multiplayer)
242
2.60
Gaming
Jan 20, 2011
Strange Phobias
163
3.67
Miscellaneous
Jan 11, 2011
Whats wrong with the US
29
2.00
Just For Fun
May 12, 2011
Go to Creator's Profile
Score Distribution
Quiz Creator Spotlight
TiK_TaK
Follow
Send a Message
Quizzes Created
-
Created Quiz Play Count
-
More By This Creator
Popular Quizzes Today
1
Countries of Asia Without Outlines Minefield
2
Find the US States - No Outlines Minefield
3
Pick 6: Fruits
4
The Countries of the World
5
Alphabetical 'K' Countries by Flag Minefield
6
Find the Countries of Europe - No Outlines Minefield
7
US States
8
Find the US States
More Gaming Quizzes
Metal Gear Games
Quiz Lab
Trending Quizzes
Pick 6: Mountains
Pick 6: Harry Potter
Pick 6: Flags
Pick 6: NFL Teams
Pick 6: Movie Franchises
Recently Updated
Adaptations: Name the Title
pecheneg
NWSL Teams
pecheneg
Women's Final Four Teams by Year
bhenderson79
Presidents Quartet II
eogle
Anything But Clue(do)
eogle
Anything But Oceanian Capitals
eogle
Anything But 7
eogle
Anything But Thing
eogle
Word Ladder: February 29
pecheneg
Song Title Questions
pecheneg
Trending Topics
Marvel
Kpop
Crossword
Disney
Harry Potter
NBA
Anime
Country
Song
The Office
Soccer
NFL
Puzzle
WWE
Pokémon
Your Account Isn't Verified!
In order to create a playlist on Sporcle, you need to verify the email address you used during registration. Go to your
Sporcle Settings
to finish the process.
Report this User
Report this user for behavior that violates our
Community Guidelines
.
Details:
Send Report
Go to the Sporcle.com Mobile Site →
Comments